ՀՀ Գիտությունների ազգային ակադեմիայի հիմնարար գիտական գրադարան  =   Fundamental Scientific Library of NAS RA

Վավերագրեր հայ եկեղեցու պատմության (1921-1938թթ.) : (Record no. 541650)

MARC details
000 -LEADER
fixed length control field 06866nam a2200781 a 4500
003 - CONTROL NUMBER IDENTIFIER
control field AM-YEHGA
005 - DATE AND TIME OF LATEST TRANSACTION
control field 20260309164113.0
008 - FIXED-LENGTH DATA ELEMENTS--GENERAL INFORMATION
fixed length control field 030409m1994 ai ||||gr|||||000|0|arm||
020 ## - INTERNATIONAL STANDARD BOOK NUMBER
International Standard Book Number 99930-2-520-8 (Գիրք 10-րդ)
020 ## - INTERNATIONAL STANDARD BOOK NUMBER
International Standard Book Number 99941-33-18-4 (Գիրք 11-րդ)
020 ## - INTERNATIONAL STANDARD BOOK NUMBER
International Standard Book Number 99941-33-33-0 (Գիրք 13-րդ)
020 ## - INTERNATIONAL STANDARD BOOK NUMBER
International Standard Book Number 99941-33-32-2 (Գիրք 14-րդ)
020 ## - INTERNATIONAL STANDARD BOOK NUMBER
International Standard Book Number 978-99941-33-46-8 (Գիրք 15-րդ)
020 ## - INTERNATIONAL STANDARD BOOK NUMBER
International Standard Book Number 99941-910-4-7 (Գիրք 16-րդ)
020 ## - INTERNATIONAL STANDARD BOOK NUMBER
International Standard Book Number 978-99941-33-54-3 [Գիրք 16-րդ, 2]
020 ## - INTERNATIONAL STANDARD BOOK NUMBER
International Standard Book Number 9789939592206 [Գիրք 17-րդ]
020 ## - INTERNATIONAL STANDARD BOOK NUMBER
International Standard Book Number 978-9939-59-225-1 [Գիրք 20-րդ]
020 ## - INTERNATIONAL STANDARD BOOK NUMBER
International Standard Book Number 978-9939-59-255-8 [Գիրք 23-րդ]
040 ## - CATALOGING SOURCE
Original cataloging agency AM-YeHGA
041 0# - LANGUAGE CODE
Language code of text/sound track or separate title arm
001 - CONTROL NUMBER
control field 181239
245 00 - TITLE STATEMENT
Title Վավերագրեր հայ եկեղեցու պատմության (1921-1938թթ.) :
Remainder of title
Statement of responsibility, etc. Կազմ.՝ Ս. Բէհբուդեան; Խմբ.՝ Ա. Մադոյեան ; Հայաստանի Հանրապետության կառավարությանն առընթեր արխիվային գործի վարչություն.
246 13 - VARYING FORM OF TITLE
Title proper/short title Vaveragrer Hay ekeghetsu patmutyan /
260 ## - PUBLICATION, DISTRIBUTION, ETC.
Place of publication, distribution, etc. Երևան,
Date of publication, distribution, etc. 1994-
-- 2018․
300 ## - PHYSICAL DESCRIPTION
Extent Գիրք ;
Dimensions 27 սմ.
500 ## - GENERAL NOTE
General note Կրճատ բառերի ցանկ` էջ` 819, 820։
500 ## - GENERAL NOTE
General note Համառոտագր.` էջ 695 (Գիրք Է)։
504 ## - BIBLIOGRAPHY, ETC. NOTE
Bibliography, etc. note Անձնանունների ցանկ՝ էջ 696-705 (Գիրք Է):
504 ## - BIBLIOGRAPHY, ETC. NOTE
Bibliography, etc. note Օգտագործուած աղբիւրների ցանկ՝ 819։
504 ## - BIBLIOGRAPHY, ETC. NOTE
Bibliography, etc. note Անձնանունների բառարան՝ 821-829։
504 ## - BIBLIOGRAPHY, ETC. NOTE
Bibliography, etc. note Համառոտագր.՝ էջ 959 (Գիրք Ը)։
504 ## - BIBLIOGRAPHY, ETC. NOTE
Bibliography, etc. note Անձնանունների ցանկ՝ էջ 960-969 (Գիրք Ը)։
504 ## - BIBLIOGRAPHY, ETC. NOTE
Bibliography, etc. note Ցանկ՝ էջ 499-511 (Գիրք ԺԷ)։
504 ## - BIBLIOGRAPHY, ETC. NOTE
Bibliography, etc. note Ս. Բէհբուդյանի հրատ. գրքերի ցանկ՝ էջ 711 :
505 10 - FORMATTED CONTENTS NOTE
Miscellaneous information Գիրք [Ա] (1994; 345 էջ):
505 10 - FORMATTED CONTENTS NOTE
Miscellaneous information Գիրք Բ (1996, 623 էջ) :
Title Խորեն Ա Մուրադբեկյան կաթողիկոս ամենայն հայոց (Հոգևոր գործունեությունը 1901-1938 թթ.) ;
505 10 - FORMATTED CONTENTS NOTE
Miscellaneous information Գիրք Գ (1997, 694 էջ) ;
505 10 - FORMATTED CONTENTS NOTE
Miscellaneous information Գիրք Դ (4-րդ), (1997, 590 էջ) :
Title Սահակ Խապայեան կաթողիկոս Կիլիկիոյ 1891-1940 թթ. ;
505 10 - FORMATTED CONTENTS NOTE
Miscellaneous information Գիրք Ե (5-րդ), (1999, 560 էջ) :
Title Մայր աթոռ Ս. Էջմիածինը առաջին հանրապետության տարիներին (1918-1920 թթ.) ;
505 10 - FORMATTED CONTENTS NOTE
Miscellaneous information Գիրք Զ (Ոսկան Երևանցի, 1999, 936 էջ) :
505 10 - FORMATTED CONTENTS NOTE
Miscellaneous information Գիրք Է (7-րդ) (2000, 708 էջ) :
Title Խրիմեան Հայրիկը եւ ցարական բռնապետութիւնը (1903-1907 թթ.) ;
505 10 - FORMATTED CONTENTS NOTE
Miscellaneous information Գիրք Ը (8-րդ) (Հայաստան, 2001, 972 էջ) :
Title Մատթէոս Բ Իզմիրլեան Կաթողիկոս Ամենայն Հայոց ;
505 10 - FORMATTED CONTENTS NOTE
Miscellaneous information Գիրք Ժ (10-րդ) (2002, 832 էջ) :
Title Նվիրված է Ներսէս Արքեպիսկոպոս Վարժապետեան Կոստանդնուպոլսի Հայոց Պատրիարքին (1837-1884) ;
505 10 - FORMATTED CONTENTS NOTE
Miscellaneous information Գիրք ԺԱ(11-րդ) (2004, Մուղնի, 1024 էջ) ։
Title Գեւորգ Դ Կոստանդնուպոլսեցի Քերեստեճեան Կաթողիկոս Ամենայն Հայոց (1866-1882) ;
505 10 - FORMATTED CONTENTS NOTE
Miscellaneous information Գիրք ԺԳ (13-րդ) (2005, Մուղնի, 712 էջ) :
Title Գէորգ Ե Վշտալի Սուրէնեանց Կաթողիկոս Ամենայն Հայոց (1847-1930); (Փաստաթղթերի եւ նիւթերի ցանկ, էջ՝ 677-710) /
Statement of responsibility Կազմ.՝ Ս. Բէհբուդեան ;
505 10 - FORMATTED CONTENTS NOTE
Miscellaneous information Գիրք ԺԴ (14-րդ) (2006, Մուղնի, 498 էջ, 1 թ. դիմանկ.) :
Title Տ.Տ. Մակար Ա. Թեղուտցի Տէր-Պետրոսեան Կաթողիկոս Ամենայն Հայոց (1884-1891) /
Statement of responsibility Առաջաբ.՝ Ա. Մադոյեան; Կազմ.՝ Ս. Բէհբուդեան; Խմբ.՝ Ա. Մադոյեան ;
505 10 - FORMATTED CONTENTS NOTE
Miscellaneous information Գիրք ԺԵ (15-րդ) (2007, Մուղնի, 872 էջ, 1 թ. դիմանկ.) :
Title Մաղաքիա Արքեպիսկոպոս Օրմանեան Կոստանդնուպոլսի պատրիարք (1896-1908) /
Statement of responsibility Կազմ.՝ Ս. Բէհբուդեան ;
505 10 - FORMATTED CONTENTS NOTE
Miscellaneous information Գիրք ԺԵ (15-րդ) (2007, Մուղնի, 872 էջ, 1 թ. դիմանկ.) :
Title Մաղաքիա Արքեպիսկոպոս Օրմանեան Կոստանդնուպոլսի պատրիարք (1896-1908) /
Statement of responsibility Կազմ.՝ Ս. Բէհբուդեան ;
505 10 - FORMATTED CONTENTS NOTE
Miscellaneous information Գիրք ԺԶ (16-րդ) (2006, 574 էջ) :
Title Կարապետ Եպիսկոպոս Տէր-Մկրտչեան (1866-1915) /
Statement of responsibility Կազմ.՝ Գ. Ավագեան ;
505 10 - FORMATTED CONTENTS NOTE
Miscellaneous information Գիրք[ ԺԶ (16-րդ, 2)] (2008, 1375 էջ) ։
Title Վազգեն Ա Պալճեան ամենայն հայոց կաթողիկոս (1908-1994) /
Statement of responsibility Կազմ., խմբ., թարգմ. ռուս.՝ Գ. Եազըճեան ;
505 10 - FORMATTED CONTENTS NOTE
Miscellaneous information Գիրք ԺԷ [(17-րդ)].- Էջմիածին, Մայր Աթոռ Սուրբ Էջմիածին (2018, 528 էջ) ։
Title Գեւորգեան ճեմարան, թանգարան, «Արարատ» ամսագիր /
Statement of responsibility Կազմեց՝ Գ. Աւագեան ; Խմբագիր՝ Ա. Վիրաբեան
505 10 - FORMATTED CONTENTS NOTE
Miscellaneous information Գիրք Ի (2019, 708 + 8 նեդիր էջ) ։
Title Ս. Էջմիածինը եւ հայոց գրերի գիւտի 1500 ու տպագրութեան 400 ամեակների տոնակատարութիւնը 1912-1913 թթ. /
Statement of responsibility Կազմեց՝ Գոհար Աւագեան ;
505 10 - FORMATTED CONTENTS NOTE
Miscellaneous information Գիրք ԻԳ (2020, 544+ 1 նեդիր էջ) ։
Title Տ. Ներսէս Արք. Մելիք-Թանգեան (1866-1948) /
Statement of responsibility Կազմեց՝ Գոհար Աւագեան ;
505 10 - FORMATTED CONTENTS NOTE
Miscellaneous information Գիրք ԻԱ (2019 : 280 էջ) :
Title Տ. Կոմիտաս վարդապետ Սողոմոնյան (1869-1935) ;
600 04 - SUBJECT ADDED ENTRY--PERSONAL NAME
Personal name Ներսէս Արքեպիսկոպոս Վարժապետեան Կոստանդնուպոլսի Հայոց Պատրիարք
Dates associated with a name (1837-1884)
600 04 - SUBJECT ADDED ENTRY--PERSONAL NAME
Personal name Գեւորգ Դ Կոստանդնուպոլսեցի Քերեստեճեան Կաթողիկոս Ամենայն Հայոց
Dates associated with a name (1866-1882)
600 04 - SUBJECT ADDED ENTRY--PERSONAL NAME
Personal name Գէորգ Ե Վշտալի Սուրէնեանց Կաթողիկոս Ամենայն Հայոց
Dates associated with a name (1847-1930)
600 04 - SUBJECT ADDED ENTRY--PERSONAL NAME
Personal name Կարապետ եպիսկոպոս Տէր-Մկրտչեան (1866-1915)
600 14 - SUBJECT ADDED ENTRY--PERSONAL NAME
Personal name Օրմանյան, Մաղաքիա
Titles and other words associated with a name արքեպիսկոպոս,
Dates associated with a name 1841-1918
9 (RLIN) 1548
610 24 - SUBJECT ADDED ENTRY--CORPORATE NAME
Corporate name or jurisdiction name as entry element Հայ յեղափոխական դաշնակցութիւն
General subdivision Պատմություն
630 04 - SUBJECT ADDED ENTRY--UNIFORM TITLE
Uniform title Հայոց պատմություն
650 14 - SUBJECT ADDED ENTRY--TOPICAL TERM
Topical term or geographic name entry element Հայ եկեղեցի
General subdivision Պատմություն
700 1# - ADDED ENTRY--PERSONAL NAME
Personal name Բեհբուդյան, Սանդրո Արտաշեսի,
Dates associated with a name 1934-2004
Relator term կազմող
Relationship com
9 (RLIN) 1974
700 1# - ADDED ENTRY--PERSONAL NAME
Personal name Մադոյան, Արշակ Գևորգի,
Titles and other words associated with a name հայագետ,
Dates associated with a name 1938-
Relator term խմբագիր
-- առաջաբանի հեղինակ
Relationship edt
-- aui
700 1# - ADDED ENTRY--PERSONAL NAME
Personal name Աւագեան, Գոհար
Relator term կազմող
Relationship com
710 2# - ADDED ENTRY--CORPORATE NAME
Corporate name or jurisdiction name as entry element Հայաստանի ազգային արխիվ
9 (RLIN) 5822
942 ## - ADDED ENTRY ELEMENTS (KOHA)
Source of classification or shelving scheme Universal Decimal Classification
Koha item type Գրքեր / Books
Koha issues (borrowed), all copies 9
Holdings
Withdrawn status Lost status Source of classification or shelving scheme Damaged status Not for loan Collection Home library Current library Date acquired Serial enumeration / chronology Total checkouts Full call number Barcode Date last seen Price effective from Koha item type Public note
    Universal Decimal Classification     General Fundamental Scientific Library Fundamental Scientific Library 19/02/2026 Գ. ԺԶ   AIII/9945 FL0702682 19/02/2026 19/02/2026 Գրքեր / Books 30 Days Loan


ՀՀ ԳԱԱ հիմնարար գիտական գրադարան
ՀՀ,Երևան 0019
Մարշալ Բաղրամյան 24/6
հեռախոս:(374-10) 52-47-50
Հետադարձ կապ

All site content, except where otherwise noted, is licensed under a
Creative Commons License